000 00594 a2200241 4500
003 DLC
005 20260401110556.0
008 2024s2024 xx 000 0 eng d
040 _aDLC
_beng
050 4 _aRT55 .S93 2024
082 0 4 _a610.73
100 1 _aSwaminathan, K.
_eauthor.
245 1 0 _aPathology and genetics for nurses
_cSwaminathan, K..
250 _a4th ed.
264 1 _bJaypee Brothers Medical Publishing
_c2024
300 _a368p. ; ill.
336 _2CC
338 _2CC
650 0 _aPathology
650 0 _aMedical genetics
650 0 _aNursing
942 _2lcc
_cBK
999 _c44220
_d44220